| 000 | 00369nam a22001697a 4500 | ||
|---|---|---|---|
| 005 | 20160628150251.0 | ||
| 008 | 160628b xxu||||| |||| 00| 0 eng d | ||
| 020 | _a81-7660-056-3 | ||
| 041 | _aeng | ||
| 082 | _b10936 | ||
| 100 |
_aKulkarhi _93095 |
||
| 245 | _aSales Management | ||
| 260 |
_bEPH _c2007 |
||
| 300 | _a249 | ||
| 650 |
_aManagement _9241 |
||
| 942 | _cBK | ||
| 999 |
_c4495 _d4494 |
||